00372nam a2200133Ia 4500100002900000650002800029366000700057654003900064245006500103260002900168082001600197300000800213546001700221 aPrutchi/David/ Norris/M  aMedical instrumentation f25 amedical electronic instrumentation aDesign and development of Medical electronic instrumentation bWiley Intersciencec2005 a610.28bPRU a461 aENGLISHcTTL